000 00236nam a22001217a 4500
003 SGT
082 _a823
_bROT
100 _aROTH VERONICA
245 _aINSURGENT
260 _aLONDON
_bHC PUB
_c2012
300 _a525
942 _2ddc
_cBK
999 _c33501
_d33501